000 01266nam a2200217Ia 4500
003 Ost
005 20260416102355.0
008 260416s9999||||xx |||||||||||||| ||und||
040 _cfsecg
041 _aara
082 _a657.46
100 _aآيت محمد، مراد
_eمؤلف
245 0 _aمحاضرات في المحاسبة المالية المعمقة /
_c مراد آيت محمد
260 _aالجزائر
_bجامعة الجزائر3: كلية العلوم الإقتصادية، العلوم التجارية وعلوم التسيير
_c2019
300 _a78 ورقة
_c30 سم
504 _aمراجع ص.77
520 _aمفاهيم عامة حول المحاسبة و المحاسبة التحليلية و التطرق الى التخفيضات و الاغلفة و التسبيقات و تناول محاسبة الأوراق التجارية و محاسبة الرواتب و الاجور و كذا محاسبة الضرائب و الضرائب المؤجلة و محاسبة عقود الايجار .
653 _aالمحاسبة التحليلية
710 _aجامعة الجزائر3: كلية العلوم الإقتصادية، العلوم التجارية وعلوم التسيير
_eناشر علمي
942 _cHANDOUT
999 _c41185
_d41185